Impressionist gardens / (Record no. 353400)
[ view plain ]
| 000 -LEADER | |
|---|---|
| fixed length control field | 01559 a2200265 4500 |
| 003 - CONTROL NUMBER IDENTIFIER | |
| control field | OSt |
| 005 - DATE AND TIME OF LATEST TRANSACTION | |
| control field | 20180116192406.0 |
| 008 - FIXED-LENGTH DATA ELEMENTS--GENERAL INFORMATION | |
| fixed length control field | 120613t xxu||||| |||| 00| 0 eng d |
| 020 ## - INTERNATIONAL STANDARD BOOK NUMBER | |
| International Standard Book Number | 0714838136 (paperback) |
| 020 ## - INTERNATIONAL STANDARD BOOK NUMBER | |
| International Standard Book Number | 9780714838137 (paperback) |
| 040 ## - CATALOGING SOURCE | |
| Transcribing agency | 0 |
| 082 04 - DEWEY DECIMAL CLASSIFICATION NUMBER | |
| Classification number | 758.1094409034 |
| 100 1# - MAIN ENTRY--PERSONAL NAME | |
| Personal name | Bumpus, Judith. |
| 9 (RLIN) | 4606 |
| 245 10 - TITLE STATEMENT | |
| Title | Impressionist gardens / |
| Statement of responsibility, etc. | Judith Bumpus. |
| 260 ## - PUBLICATION, DISTRIBUTION, ETC. | |
| Place of publication, distribution, etc. | London : |
| Name of publisher, distributor, etc. | Phaidon Press, |
| Date of publication, distribution, etc. | 1990. |
| 300 ## - PHYSICAL DESCRIPTION | |
| Extent | 80 p . : |
| Other physical details | ill. ; |
| Dimensions | 31 cm. |
| 520 ## - SUMMARY, ETC. | |
| Summary, etc. | This book brings together a selection of Impressionist paintings of gardens and flowers, a favourite and richly developed subject of artists including Monet, Renoir, Pissarro and Sisley. The Impressionists, with their approach to rendering outdoor effects and fleeting atmospheric conditions, captured the sunlit colour, mood and almost the smell of flower gardens. In doing so, they registered a new public sensibility: the love, not just of fresh air and greenery, but also of gloriously colourful settings on a domestic scale. For indeed, some of the best-loved works are of their own and their friends' gardens, such as Monet's garden at Giverny. This book is a celebration of both art and nature. |
| 650 10 - SUBJECT ADDED ENTRY--TOPICAL TERM | |
| Topical term or geographic name entry element | Impressionism (Art) |
| 9 (RLIN) | 4607 |
| 650 10 - SUBJECT ADDED ENTRY--TOPICAL TERM | |
| Topical term or geographic name entry element | Painting, Modern |
| 9 (RLIN) | 4608 |
| 650 10 - SUBJECT ADDED ENTRY--TOPICAL TERM | |
| Topical term or geographic name entry element | Painting, French |
| 9 (RLIN) | 4609 |
| 650 10 - SUBJECT ADDED ENTRY--TOPICAL TERM | |
| Topical term or geographic name entry element | Gardens |
| Geographic subdivision | France |
| 9 (RLIN) | 4610 |
| 856 40 - ELECTRONIC LOCATION AND ACCESS | |
| Materials specified | Amazon.com |
| Uniform Resource Identifier | <a href="http://www.amazon.com/exec/obidos/ASIN/0714838136/chopaconline-20">http://www.amazon.com/exec/obidos/ASIN/0714838136/chopaconline-20</a> |
| 942 ## - ADDED ENTRY ELEMENTS (KOHA) | |
| Institution code [OBSOLETE] | SADA |
| Koha item type | Book |
| Call number prefix | 758.1094409034 BUM 1990 |
| Source of classification or shelving scheme | |
| 952 ## - LOCATION AND ITEM INFORMATION (KOHA) | |
| -- | BOOK |
| Withdrawn status | Lost status | Source of classification or shelving scheme | Damaged status | Not for loan | Permanent Location | Current Location | Date acquired | Total Checkouts | Full call number | Barcode | Date last seen | Date last checked out | Cost, replacement price | Price effective from | Koha item type |
|---|---|---|---|---|---|---|---|---|---|---|---|---|---|---|---|
| School of Art Design and Architecture (SADA) | School of Art Design and Architecture (SADA) | 06/27/2011 | 1 | 758.1094409034 BUM 1990 | SADA0001329 | 02/12/2024 | 01/12/2024 | 1011.00 | 08/05/2011 | Book |
